| 000 | 00474nam a2200181Ia 4500 | ||
|---|---|---|---|
| 001 | 18964 | ||
| 005 | 20260306171709.0 | ||
| 008 | 260306s9999||||xx |||||||||||||| ||und|| | ||
| 041 | _aESP | ||
| 082 |
_a658.575 _bA32 |
||
| 100 |
_aAguayo González, Francisco _eAUT |
||
| 245 | 0 |
_aEcodiseño: _bingeniería sostenible de la cuna a la cuna (C2C) |
|
| 260 | _c2013 | ||
| 300 |
_axvi, 245 páginas : _c23 cm. |
||
| 650 | _aGEN | ||
| 654 | _aCAN | ||
| 942 |
_cLIB _dJUS _fJUS _2ddc _n |
||
| 999 |
_c18964 _d18964 |
||